Les plats les plus mangés en France et uniquement en France - Statistiques

Statistiques générales
  • Ce quiz a été pris 379 fois
  • Le résultat moyen est 2 sur 10
Statistiques - réponses
Hint Réponse % Correct
10 Les tomates farcies
25%
9 La raclette
20%
8 Le bœuf bourguignon
20%
6 Le gigot d’agneau
20%
3e Le couscous
19%
4 La blanquette de veau
17%
2e Les moules-frites
17%
5 La côte de bœuf
16%
7 Le steak frite
12%
1er Le Magret de Canard
11%
Aucun quiz correspondant
Distribution des résultats
% des personnes avec chaque résultat
Percentile par nombre de réponses
Votre historique - résultats
Vous n’avez pas pris ce quiz